<?xml version="1.0" encoding="UTF-8"?>
<record
    xmlns:xsi="http://www.w3.org/2001/XMLSchema-instance"
    xsi:schemaLocation="http://www.loc.gov/MARC21/slim http://www.loc.gov/standards/marcxml/schema/MARC21slim.xsd"
    xmlns="http://www.loc.gov/MARC21/slim">

  <leader>01255nam a22002177a 4500</leader>
  <datafield tag="999" ind1=" " ind2=" ">
    <subfield code="c">59181</subfield>
    <subfield code="d">59181</subfield>
  </datafield>
  <controlfield tag="003">Ge_BSU</controlfield>
  <controlfield tag="005">20221202120242.0</controlfield>
  <controlfield tag="008">221202s1978ge  xxu||||| |||| 00| 0 geo d</controlfield>
  <datafield tag="041" ind1=" " ind2=" ">
    <subfield code="a">geo</subfield>
  </datafield>
  <datafield tag="080" ind1=" " ind2=" ">
    <subfield code="a">821.222.1-32 &#x10E5;-12</subfield>
  </datafield>
  <datafield tag="100" ind1=" " ind2=" ">
    <subfield code="a">&#x10E5;&#x10D4;&#x10D8;-&#x10E5;&#x10D0;&#x10E3;&#x10E1;&#x10D8;, &#x10D0;&#x10D5;&#x10E2;&#x10DD;&#x10E0;&#x10D8;.</subfield>
    <subfield code="9">16310</subfield>
  </datafield>
  <datafield tag="245" ind1=" " ind2=" ">
    <subfield code="a">&#x10E7;&#x10D0;&#x10D1;&#x10E3;&#x10E1;-&#x10DC;&#x10D0;&#x10DB;&#x10D4; :</subfield>
    <subfield code="b">&#x10D3;&#x10D0;&#x10E0;&#x10D8;&#x10D2;&#x10D4;&#x10D1;&#x10D0;&#x10D7;&#x10D0; &#x10EC;&#x10D8;&#x10D2;&#x10DC;&#x10D8; /</subfield>
    <subfield code="c">&#x10E5;&#x10D4;&#x10D8;-&#x10E5;&#x10D0;&#x10E3;&#x10E1;&#x10D8; ; &#x10E1;&#x10DE;&#x10D0;&#x10E0;&#x10E1;&#x10E3;&#x10DA;&#x10D8;&#x10D3;&#x10D0;&#x10DC; &#x10D7;&#x10D0;&#x10E0;&#x10D2;&#x10DB;&#x10DC;&#x10D0;, &#x10EC;&#x10D8;&#x10DC;&#x10D0;&#x10E1;&#x10D8;&#x10E2;&#x10E7;&#x10D5;. &#x10D3;&#x10D0; &#x10E8;&#x10D4;&#x10DC;&#x10D8;&#x10E8;&#x10D5;&#x10DC;&#x10D4;&#x10D1;&#x10D8; &#x10D3;&#x10D0;&#x10E3;&#x10E0;&#x10D7;&#x10DD; &#x10D0;&#x10DB;&#x10D8;&#x10E0;&#x10D0;&#x10DC; &#x10DA;&#x10DD;&#x10DB;&#x10D7;&#x10D0;&#x10EB;&#x10D4;&#x10DB; ; </subfield>
  </datafield>
  <datafield tag="264" ind1=" " ind2=" ">
    <subfield code="a">&#x10D7;&#x10D1;&#x10D8;&#x10DA;&#x10D8;&#x10E1;&#x10D8; : </subfield>
    <subfield code="b">&#x10DB;&#x10D4;&#x10EA;&#x10DC;&#x10D8;&#x10D4;&#x10E0;&#x10D4;&#x10D1;&#x10D0;,</subfield>
    <subfield code="c">1978.</subfield>
  </datafield>
  <datafield tag="300" ind1=" " ind2=" ">
    <subfield code="a">205 &#x10D2;&#x10D5;. ;</subfield>
    <subfield code="b"> 21 &#x10E1;&#x10DB;.</subfield>
  </datafield>
  <datafield tag="501" ind1=" " ind2=" ">
    <subfield code="a">&#x10E8;&#x10D4;&#x10DC;&#x10D8;&#x10E8;&#x10D5;&#x10DC;&#x10D4;&#x10D1;&#x10D8;: &#x10D2;&#x10D5;. 196-203.</subfield>
  </datafield>
  <datafield tag="653" ind1=" " ind2=" ">
    <subfield code="a">&#x10E7;&#x10D0;&#x10D1;&#x10E3;&#x10E1;-&#x10DC;&#x10D0;&#x10DB;&#x10D4; </subfield>
  </datafield>
  <datafield tag="653" ind1=" " ind2=" ">
    <subfield code="a">&#x10D3;&#x10D0;&#x10E0;&#x10D8;&#x10D2;&#x10D4;&#x10D1;&#x10D0;&#x10D7;&#x10D0; &#x10EC;&#x10D8;&#x10D2;&#x10DC;&#x10D8;</subfield>
  </datafield>
  <datafield tag="700" ind1=" " ind2=" ">
    <subfield code="a">&#x10DA;&#x10DD;&#x10DB;&#x10D7;&#x10D0;&#x10EB;&#x10D4;, &#x10D0;&#x10DB;&#x10D8;&#x10E0;&#x10D0;&#x10DC; </subfield>
    <subfield code="e">&#x10EC;&#x10D8;&#x10DC;&#x10D0;&#x10E1;&#x10D8;&#x10E2;&#x10E7;&#x10D5;&#x10D0;&#x10DD;&#x10D1;&#x10D0;  &#x10D3;&#x10D0; &#x10E8;&#x10D4;&#x10DC;&#x10D8;&#x10E8;&#x10D5;&#x10DC;&#x10D4;&#x10D1;&#x10D8; &#x10D3;&#x10D0;&#x10E3;&#x10E0;&#x10D7;&#x10DD;</subfield>
    <subfield code="9">16311</subfield>
  </datafield>
  <datafield tag="710" ind1=" " ind2=" ">
    <subfield code="a">&#x10D2;. &#x10EC;&#x10D4;&#x10E0;&#x10D4;&#x10D7;&#x10DA;&#x10D8;&#x10E1; &#x10E1;&#x10D0;&#x10EE;&#x10D4;&#x10DA;&#x10DD;&#x10D1;&#x10D8;&#x10E1; &#x10D0;&#x10E6;&#x10DB;&#x10DD;&#x10E1;&#x10D0;&#x10D5;&#x10DA;&#x10D4;&#x10D7;&#x10DB;&#x10EA;&#x10DD;&#x10D3;&#x10DC;&#x10D4;&#x10DD;&#x10D1;&#x10D8;&#x10E1; &#x10D8;&#x10DC;&#x10E1;&#x10E2;&#x10D8;&#x10E2;&#x10E3;&#x10E2;&#x10D8;</subfield>
    <subfield code="9">16313</subfield>
  </datafield>
  <datafield tag="942" ind1=" " ind2=" ">
    <subfield code="2">udc</subfield>
    <subfield code="c">BK</subfield>
  </datafield>
  <datafield tag="952" ind1=" " ind2=" ">
    <subfield code="0">0</subfield>
    <subfield code="1">0</subfield>
    <subfield code="2">udc</subfield>
    <subfield code="4">0</subfield>
    <subfield code="6">821222132_&#x10E5;12</subfield>
    <subfield code="7">0</subfield>
    <subfield code="9">93170</subfield>
    <subfield code="a">CPL</subfield>
    <subfield code="b">CPL</subfield>
    <subfield code="c">GEN</subfield>
    <subfield code="d">2022-12-02</subfield>
    <subfield code="g">6.00</subfield>
    <subfield code="o">821.222.1-32 &#x10E5;-12</subfield>
    <subfield code="p">63263</subfield>
    <subfield code="r">2022-12-02</subfield>
    <subfield code="t">63263</subfield>
    <subfield code="w">2022-12-02</subfield>
    <subfield code="y">BK</subfield>
    <subfield code="z">6.00</subfield>
  </datafield>
</record>
